000
00203 a2200097 4500
001
26218
100
_a
N.C.C
245
_a
Economic evaluation of computer
260
_a
_b
N.C.C
_c
090
_c
17697
_d
17697
942
_a
NUST-CAE
_c
M
_c
8554
999
_c
261291
_d
261291